Participants de LOL qui rit sort (saison 4) par images - Statistiques

Statistiques générales
  • Ce quiz a été pris 165 fois
  • Le résultat moyen est 8 sur 11
Statistiques - réponses
Par images Réponse % Correct
Carlito
96%
McFly
96%
Audrey Lamy
95%
Jérôme Commandeur
91%
Marina Foïs
80%
Alban Ivanov
79%
Franck Gastambide
76%
Alison Wheeler
72%
Jean-Pascal Zadi
72%
Redouane Bougheraba
72%
Anaïde Rozam
21%
Aucun quiz correspondant
Distribution des résultats
% des personnes avec chaque résultat
Percentile par nombre de réponses
Votre historique - résultats
Vous n’avez pas pris ce quiz